Statistics for dorothea - Taylor Swift (All Lyrics)

Click here to take the quiz!

General Stats

  • This quiz has been taken 26 times
    (15 since last reset)
  • The average score is 215 of 264

Answer Stats

Lyrics% Correct
a
100%
A
100%
about
100%
And
100%
and
100%
do
100%
Dorothea,
100%
Dorothea
100%
ever
100%
go
100%
Hey,
100%
I
100%
it
100%
me?
100%
me
100%
stop
100%
think
100%
to
100%
you,
100%
you
100%
You
100%
as
92%
be
92%
in
92%
is
92%
on
92%
The
92%
the
92%
we
92%
your
92%
always
83%
back
83%
brighter
83%
but
83%
But
83%
come
83%
eyes
83%
for
83%
if
83%
It's
83%
it's
83%
know
83%
know,
83%
late
83%
never
83%
now
83%
of
83%
off
83%
only
83%
place
83%
same
83%
screen's
83%
see
83%
shiny
83%
show
83%
stars
83%
that
83%
This
83%
too
83%
were
83%
When
83%
who
83%
with
83%
ya
83%
ah
75%
(Ah
75%
ah)
75%
Ah
75%
all
75%
are
75%
bein'
75%
down
75%
friends
75%
got
75%
I'll
75%
Just
75%
known
75%
left
75%
like
75%
mom
75%
my
75%
nothin'
75%
park
75%
piss
75%
prom
75%
queen
75%
shined
75%
side
75%
since
75%
skippin'
75%
still
75%
they
75%
tiny
75%
town
75%
was
75%
well
75%
Well
75%
wishes
75%
you'll
75%
younger,
75%
you're
75%
You're
75%
bleachers?
67%
damn,
67%
dreams,
67%
guess
67%
her
67%
Honey,
67%
magazines
67%
makeup
67%
makin'
67%
met
67%
misery
67%
Ooh
67%
Ooh,
67%
ooh
67%
pageant
67%
schemes
67%
sellin'
67%
tired
67%
Tupelo
67%
under
67%
wanna
67%
way
67%
anything
58%
buy
58%
lark
58%
From
50%
I'd
50%
soul
50%
uh
50%
won't
50%
calmer,
42%
woo
8%

Score Distribution

Percentile by Number Answered

Percent of People with Each Score

Your Score History

You have not taken this quiz since the last reset